000 00902nam a2200205Ia 4500
003 IN-BaIIA
008 211028s9999 xx 000 0 eng d
040 _cIIA Library
080 _a063:53
_bENF-25
100 _aRosenbluth, M.N.
_94661
111 _aInternational School of Physics 'Enrico Fermi" Course
_cVarenna Sul Lago di Como, Villa Monastero
_d1962 July 9-21
_94662
245 0 _aAdvanced plasma theory
_bproceedings of the international school of physics "Enrico Fermi" course held in Varenna Sul Lago di Como, Villa Monastero July 9-21 1962
_c M.N. Rosenbluth
260 _aNew York
_bAcademic Press
_c1964
300 _axii,266p
490 _aProceedings of the International School of Physics Enrico Fermi Course; v. 23
650 _aAstronomy and Astrophysics Thesaurus
650 _aPlasma Physics
_93732
650 _aPlasmas
_91898
942 _cBK
999 _c2625
_d2625